01227naa a2200145 a 450000100080000000500110000800800410001910000180006024501280007826000090020652007530021565300170096865300310098577300650101611249322016-02-29 2015 bl uuuu u00u1 u #d1 aARAUJO, L. A. aO Agroneg??cio e as Exporta????es Catarinenses na Aurora do S??culo XXIbOnde estamos e o que fazer?h[electronic resource] c2015 aEm 2015, as perspectivas para o com??rcio exterior brasileiro e catarinense s??o ruins. A complexidade da conjuntura internacional, a queda dos pre??os das commodities iniciada no ano passado e as dificuldades de competitividade da ind??stria brasileira funcionar?? como um freio para as exporta????es do pa??s em 2015, em que pese a alta do d??lar. Como essas vari??veis afetaram o desempenho do agroneg??cio nas exporta????es catarinenses nos ??ltimos quinze anos? O que podemos fazer para ampliar nossas transa????es com o resto do mundo? O objetivo deste artigo ?? avaliar o desempenho do agroneg??cio nas exporta????es catarinenses neste in??cio do s??culo XXI e discutir o que pode ser feito para ampliar as transa????es com o resto do mundo. aAgroneg??cio aExporta????es Catarinenses tBoletim agropecu??rio, Florian??polisgn.19 , p. 7-11, 2015.